Show and tell disciplines d'Eveil Mostrar y Contar (Record no. 916280)

MARC details
000 -LEADER
fixed length control field 00876nam a2200265Ia 4500
003 - CONTROL NUMBER IDENTIFIER
control field OSt
005 - DATE AND TIME OF LATEST TRANSACTION
control field 20221002051229.0
008 - FIXED-LENGTH DATA ELEMENTS--GENERAL INFORMATION
fixed length control field 220930b |||||||| |||| 00| 0 eng d
037 ## - SOURCE OF ACQUISITION
Terms of availability Reference Collections
040 ## - CATALOGING SOURCE
Original cataloging agency CRL
Transcribing agency CRL
Language of cataloging eng
041 ## - LANGUAGE CODE
Source of code eng
Language code of text/sound track or separate title eng
111 ## - MAIN ENTRY--MEETING NAME
Meeting name or jurisdiction name as entry element United Nations Educational, Scientific and Cultural Organization
9 (RLIN) 348832
245 #0 - TITLE STATEMENT
Title Show and tell disciplines d'Eveil Mostrar y Contar
Remainder of title A worldwide directory of nutrition teaching-learning resources
260 ## - PUBLICATION, DISTRIBUTION, ETC.
Place of publication, distribution, etc. Paris
Name of publisher, distributor, etc. UNESCO France
Date of publication, distribution, etc. 1985
300 ## - PHYSICAL DESCRIPTION
Extent 269p.
Dimensions cm.
500 ## - GENERAL NOTE
General note Nutrition education series
650 ## - SUBJECT ADDED ENTRY--TOPICAL TERM
Topical term or geographic name entry element EDUCATION
650 ## - SUBJECT ADDED ENTRY--TOPICAL TERM
Topical term or geographic name entry element TEACHING
9 (RLIN) 34578
942 ## - ADDED ENTRY ELEMENTS (KOHA)
Classification part T:3(L:573)nl,N85, M5(RR)
Koha item type
Source of classification or shelving scheme Colon Classification (CC)
Holdings
Withdrawn status Lost status Damaged status Not for loan Home library Current library Date acquired Total Checkouts Full call number Barcode Date last seen Price effective from Koha item type
        Central Library Central Library 2022-10-02   T:3(L:573)nl,N85 M5(RR) CL1002177 2022-10-02 2022-10-02  
Copyright @ Delhi University Library System